|
|
|
|
| LEADER |
00000nam a2200000 a 4500 |
| 001 |
vtls001288635 |
| 003 |
SK-MaSNL |
| 005 |
20260301113503.0 |
| 008 |
240315s1964 xx 0 und |
| 035 |
|
|
|a SNK000240237
|
| 040 |
|
|
|a SNK
|b slo
|c SNK
|e AACR2
|
| 100 |
1 |
|
|a Hrozienčik, Jozef,
|d 1915-1990
|4 aut
|9 38380
|
| 245 |
1 |
|
|a Nebyli jsme sami ...
|
| 260 |
|
|
|a Praha
|b Svět sovětů
|c 1964
|
| 300 |
|
|
|a 89 s.
|
| 958 |
|
|
|a OND
|
| 999 |
|
|
|c 714413
|d 716343
|
| 952 |
|
|
|t P60, <04>, [BOOK], {604}
|a SNK
|b SNK
|y VYP
|7 0
|p 17A0068829
|o snkSD 25924 D1
|0 0
|1 0
|4 0
|d 1997-05-28
|l 0
|r 2005-01-02 00:00:00
|w 2026-02-23
|
| 952 |
|
|
|a SNK
|b SNK
|y PREZ
|7 0
|p 17A0765973
|o snkSD 25924
|0 0
|1 0
|4 0
|d 2011-11-17
|l 0
|r 2026-02-23 21:41:44
|w 2026-02-23
|